[Event "Russian Women's Higher League 2021"]
[Site "?"]
[Date "2021.06.30"]
[Round "5.13"]
[White "Kovanova, Baira"]
[Black "Nasyrova, Ekaterina"]
[Result "0-1"]
[WhiteElo "2318"]
[BlackElo "2149"]
[Annotator ""]
[Source ""]
[Remark ""]

1.d4 {[%clk 1:30:57]} d5 {[%clk 1:30:50]} 2.c4 {[%clk 1:31:24]}
e6 {[%clk 1:31:10]} 3.Nf3 {[%clk 1:31:48]} Nf6 {[%clk 1:31:31]}
4.g3 {[%clk 1:32:15]} Bb4+ {[%clk 1:31:47]} 5.Bd2 {[%clk 1:32:38]}
Bd6 {[%clk 1:32:09]} 6.Nc3 {[%clk 1:32:52]} O-O {[%clk 1:32:24]}
7.Qc2 {[%clk 1:32:49]} Nc6 {[%clk 1:32:36]} 8.c5 {[%clk 1:33:05]}
Be7 {[%clk 1:32:54]} 9.a3 {[%clk 1:33:20]} a5 {[%clk 1:32:52]}
10.Bf4 {[%clk 1:31:02]} Nh5 {[%clk 1:29:03]} 11.Be3 {[%clk 1:30:11]}
b6 {[%clk 1:24:43]} 12.cxb6 {[%clk 1:30:13]} cxb6 {[%clk 1:25:01]}
13.Bg2 {[%clk 1:29:57]} Bb7 {[%clk 1:19:30]} 14.O-O {[%clk 1:30:13]}
Rc8 {[%clk 1:19:10]} 15.Qb3 {[%clk 1:30:03]} Ba6 {[%clk 1:17:12]}
16.Ne5 {[%clk 1:22:50]} Nf6 {[%clk 1:09:20]} 17.Rfd1 {[%clk 1:12:27]}
Nd7 {[%clk 0:56:06]} 18.f4 {[%clk 0:53:48]} Ncxe5 {[%clk 0:52:36]}
19.dxe5 {[%clk 0:52:42]} Bc4 {[%clk 0:52:43]} 20.Qc2 {[%clk 0:50:24]}
Qc7 {[%clk 0:52:07]} 21.Kh1 {[%clk 0:48:10]} Nc5 {[%clk 0:44:14]}
22.Bxc5 {[%clk 0:43:07]} Qxc5 {[%clk 0:44:05]} 23.Qd2 {[%clk 0:39:28]}
Rfd8 {[%clk 0:36:10]} 24.e3 {[%clk 0:36:59]} b5 {[%clk 0:33:49]}
25.Rdc1 {[%clk 0:22:51]} Qb6 {[%clk 0:23:05]} 26.Ne2 {[%clk 0:22:23]}
b4 {[%clk 0:17:55]} 27.Nd4 {[%clk 0:22:21]} bxa3 {[%clk 0:15:51]}
28.bxa3 {[%clk 0:22:47]} Rb8 {[%clk 0:12:47]} 29.g4 {[%clk 0:15:59]}
Bc5 {[%clk 0:08:04]} 30.Rc2 {[%clk 0:14:54]} Bxd4 {[%clk 0:03:44]}
31.exd4 {[%clk 0:15:19]} Qb3 {[%clk 0:03:57]} 32.f5 {[%clk 0:06:14]}
Qd3 {[%clk 0:02:42]} 33.Qf2 {[%clk 0:05:13]} Rb3 {[%clk 0:02:14]}
34.Re1 {[%clk 0:02:02]} Rxa3 {[%clk 0:01:40]} 35.Rd2 {[%clk 0:01:52]}
Qb3 {[%clk 0:01:25]} 36.Qh4 {[%clk 0:01:10]} Rb8 {[%clk 0:01:01]}
37.f6 {[%clk 0:00:48]} Qb4 {[%clk 0:01:15]} 38.Qg5 {[%clk 0:00:49]}
Qf8 {[%clk 0:01:35]} 39.Rdd1 {[%clk 0:00:45]} g6 {[%clk 0:01:20]}
40.Rb1 {[%clk 0:30:38]} Rab3 {[%clk 0:30:59]} 41.Ra1 {[%clk 0:27:41]}
Ra8 {[%clk 0:29:25]} 42.Rec1 {[%clk 0:23:10]} a4 {[%clk 0:29:14]}
43.h4 {[%clk 0:23:06]} a3 {[%clk 0:28:40]} 44.h5 {[%clk 0:22:44]}
h6 {[%clk 0:24:56]} 45.Qd2 {[%clk 0:21:09]} g5 {[%clk 0:25:12]}
46.Qf2 {[%clk 0:18:36]} Qb4 {[%clk 0:23:49]} 47.Bf3 {[%clk 0:18:05]}
Rb2 {[%clk 0:22:48]} 48.Qe3 {[%clk 0:18:29]} a2 {[%clk 0:22:28]}
49.Qg1 {[%clk 0:18:18]} Ra3 0-1

[Event "Russian Women's Higher League 2021"]
[Site "?"]
[Date "2021.06.30"]
[Round "5.14"]
[White "Khokhlova, Daria"]
[Black "Dordzhieva, Dinara"]
[Result "0-1"]
[WhiteElo "2148"]
[BlackElo "2311"]
[Annotator ""]
[Source ""]
[Remark ""]

1.d4 {[%clk 1:30:58]} d5 {[%clk 1:28:22]} 2.Nc3 {[%clk 1:31:15]}
Nf6 {[%clk 1:28:24]} 3.Bf4 {[%clk 1:31:23]} a6 {[%clk 1:28:40]}
4.e3 {[%clk 1:31:03]} e6 {[%clk 1:28:53]} 5.g4 {[%clk 1:31:17]}
c5 {[%clk 1:27:03]} 6.g5 {[%clk 1:31:33]} Nfd7 {[%clk 1:27:16]}
7.h4 {[%clk 1:31:25]} Nc6 {[%clk 1:26:46]} 8.Nf3 {[%clk 1:31:11]}
Qb6 {[%clk 1:23:04]} 9.a3 {[%clk 1:31:11]} c4 {[%clk 1:17:00]}
10.Rb1 {[%clk 1:14:26]} Qa5 {[%clk 1:11:13]} 11.e4 {[%clk 0:53:02]}
dxe4 {[%clk 0:56:32]} 12.Nd2 {[%clk 0:51:58]} b5 {[%clk 0:52:36]}
13.Ndxe4 {[%clk 0:45:39]} Bb7 {[%clk 0:50:04]} 14.Bg2 {[%clk 0:43:04]}
O-O-O {[%clk 0:34:24]} 15.d5 {[%clk 0:37:10]} Nde5 {[%clk 0:24:59]}
16.O-O {[%clk 0:23:02]} exd5 {[%clk 0:21:17]} 17.Nxd5 {[%clk 0:23:27]}
b4 {[%clk 0:21:41]} 18.Ng3 {[%clk 0:22:42]} Bd6 {[%clk 0:19:30]}
19.axb4 {[%clk 0:21:34]} Nxb4 {[%clk 0:16:47]} 20.Bxe5 {[%clk 0:18:58]}
Bxd5 {[%clk 0:09:13]} 21.Bxd5 {[%clk 0:18:08]} Bxe5 {[%clk 0:08:07]}
22.Qg4+ {[%clk 0:18:33]} Kb8 {[%clk 0:08:28]} 23.Bxf7 Rhf8 {[%clk 0:03:23]}
24.c3 {[%clk 0:10:43]} Nd3 {[%clk 0:03:03]} 25.Bxc4 {[%clk 0:08:53]}
Rf4 {[%clk 0:00:56]} 26.Qe6 {[%clk 0:07:45]} Nxf2 {[%clk 0:00:53]}
27.Rxf2 {[%clk 0:07:41]} Qc5 {[%clk 0:01:00]} 28.Nh1 {[%clk 0:06:15]}
Rxc4 {[%clk 0:00:44]} 29.Re1 {[%clk 0:02:54]} Bc7 {[%clk 0:01:03]}
30.Kg2 {[%clk 0:01:22]} Rxh4 {[%clk 0:01:14]} 31.Ng3 {[%clk 0:01:01]}
Bxg3 {[%clk 0:00:50]} 32.Qb3+ {[%clk 0:00:41]} Ka8 {[%clk 0:00:47]}
33.Kxg3 {[%clk 0:00:37]} Qxg5+ {[%clk 0:01:14]} 34.Kf3 {[%clk 0:01:05]}
Qf4+ {[%clk 0:01:28]} 0-1

[Event "Russian Women's Higher League 2021"]
[Site "?"]
[Date "2021.06.30"]
[Round "5.15"]
[White "Loskutova, Viktoriya"]
[Black "Nosacheva, Mariya"]
[Result "1/2-1/2"]
[WhiteElo "2188"]
[BlackElo "2226"]
[Annotator ""]
[Source ""]
[Remark ""]

1.e4 {[%clk 1:30:58]} e5 {[%clk 1:30:52]} 2.Nf3 {[%clk 1:31:23]}
Nc6 {[%clk 1:31:16]} 3.Bb5 {[%clk 1:31:50]} a6 {[%clk 1:31:41]}
4.Ba4 {[%clk 1:32:16]} Nf6 {[%clk 1:32:06]} 5.O-O {[%clk 1:32:41]}
b5 {[%clk 1:32:33]} 6.Bb3 {[%clk 1:33:06]} Bc5 {[%clk 1:32:50]}
7.a4 {[%clk 1:32:06]} Rb8 {[%clk 1:32:46]} 8.c3 {[%clk 1:32:30]}
d6 {[%clk 1:32:37]} 9.d4 {[%clk 1:32:07]} Bb6 {[%clk 1:32:59]}
10.a5 {[%clk 1:31:39]} Ba7 {[%clk 1:32:59]} 11.Be3 {[%clk 1:31:57]}
Ra8 {[%clk 1:30:24]} 12.Nbd2 {[%clk 1:31:48]} O-O {[%clk 1:29:39]}
13.h3 {[%clk 1:29:05]} h6 {[%clk 1:27:09]} 14.Re1 {[%clk 1:25:25]}
Re8 {[%clk 1:26:01]} 15.Qb1 {[%clk 1:16:14]} Bb7 {[%clk 1:19:34]}
16.Bc2 {[%clk 1:02:55]} exd4 {[%clk 0:57:17]} 17.Nxd4 {[%clk 1:00:42]}
Ne5 {[%clk 0:57:05]} 18.Nf5 {[%clk 0:53:24]} c5 {[%clk 0:56:05]}
19.b4 {[%clk 0:33:57]} c4 {[%clk 0:51:53]} 20.Nd4 {[%clk 0:31:47]}
Nd3 {[%clk 0:48:51]} 21.Bxd3 {[%clk 0:30:44]} cxd3 {[%clk 0:48:35]}
22.f3 {[%clk 0:29:44]} d5 {[%clk 0:48:42]} 23.e5 {[%clk 0:28:02]}
Rxe5 {[%clk 0:48:01]} 24.Qxd3 {[%clk 0:28:24]} Qc7 {[%clk 0:46:28]}
25.Bf2 {[%clk 0:24:56]} Rxe1+ {[%clk 0:35:25]} 26.Rxe1 {[%clk 0:25:09]}
Rc8 {[%clk 0:35:47]} 27.Rc1 {[%clk 0:21:43]} Bb8 {[%clk 0:34:31]}
28.Nf1 {[%clk 0:21:53]} Qc4 {[%clk 0:31:46]} 29.Qxc4 {[%clk 0:21:05]}
dxc4 {[%clk 0:32:10]} 30.Nf5 {[%clk 0:21:20]} Re8 {[%clk 0:24:46]}
31.Re1 {[%clk 0:13:11]} Rxe1 {[%clk 0:24:26]} 32.Bxe1 {[%clk 0:13:37]}
Nd5 {[%clk 0:23:16]} 33.N5e3 {[%clk 0:13:27]} Ba7 {[%clk 0:18:06]}
34.Kf2 {[%clk 0:13:47]} f5 {[%clk 0:18:09]} 35.Ke2 {[%clk 0:13:39]}
Nf4+ {[%clk 0:18:21]} 36.Kd2 {[%clk 0:12:15]} g6 {[%clk 0:18:07]}
37.Bg3 {[%clk 0:11:48]} Nd3 {[%clk 0:18:05]} 38.Bd6 {[%clk 0:09:54]}
Kf7 {[%clk 0:17:47]} 39.Nc2 {[%clk 0:08:50]} Bf2 {[%clk 0:11:07]}
40.Bg3 {[%clk 0:37:38]} Ba7 {[%clk 0:35:08]} 41.Ne1 {[%clk 0:37:54]}
Nxe1 {[%clk 0:25:23]} 42.Kxe1 {[%clk 0:38:01]} Ke6 {[%clk 0:25:23]}
43.Bf2 {[%clk 0:37:42]} Bb8 {[%clk 0:25:17]} 44.Bd4 {[%clk 0:31:29]}
f4 {[%clk 0:25:20]} 45.Kf2 {[%clk 0:31:13]} Kf5 {[%clk 0:25:24]}
46.Nh2 {[%clk 0:30:22]} h5 {[%clk 0:25:45]} 47.Nf1 {[%clk 0:30:45]}
Bd6 {[%clk 0:26:05]} 48.Ke2 {[%clk 0:29:31]} Be7 {[%clk 0:25:50]}
49.Bg7 {[%clk 0:27:43]} Kg5 {[%clk 0:25:05]} 50.Nd2 {[%clk 0:23:43]}
Kf5 {[%clk 0:25:25]} 51.Nf1 {[%clk 0:23:49]} g5 {[%clk 0:24:57]}
52.Nh2 {[%clk 0:23:10]} Bc8 {[%clk 0:25:09]} 53.Bd4 {[%clk 0:23:07]}
Kg6 {[%clk 0:25:29]} 54.Kf2 {[%clk 0:21:58]} Bf5 {[%clk 0:25:36]}
55.Be5 {[%clk 0:22:00]} Bd3 {[%clk 0:25:39]} 56.Nf1 {[%clk 0:21:32]}
Kf5 {[%clk 0:25:43]} 57.Bd4 {[%clk 0:21:20]} Bxf1 {[%clk 0:18:19]}
58.Kxf1 {[%clk 0:21:45]} g4 {[%clk 0:18:36]} 59.hxg4+ {[%clk 0:21:38]}
hxg4 {[%clk 0:19:01]} 60.Kf2 {[%clk 0:21:16]} Bh4+ {[%clk 0:18:49]}
61.Ke2 {[%clk 0:21:02]} Bg3 {[%clk 0:17:43]} 62.Kf1 {[%clk 0:20:33]}
Kg5 {[%clk 0:17:29]} 63.Be5 {[%clk 0:20:07]} Kf5 {[%clk 0:16:10]}
64.Bd4 {[%clk 0:20:32]} Bh4 {[%clk 0:16:13]} 1/2-1/2

[Event "Russian Women's Higher League 2021"]
[Site "?"]
[Date "2021.06.30"]
[Round "5.16"]
[White "Getman, Tatyana"]
[Black "Izbekova, Evdokia"]
[Result "1-0"]
[WhiteElo "2201"]
[BlackElo "1757"]
[Annotator ""]
[Source ""]
[Remark ""]

1.d4 {[%clk 1:30:30]} Nf6 {[%clk 1:30:51]} 2.c4 {[%clk 1:31:18]}
e6 {[%clk 1:31:13]} 3.Nc3 {[%clk 1:31:26]} Bb4 {[%clk 1:30:46]}
4.e3 {[%clk 1:31:41]} b6 {[%clk 1:30:00]} 5.Nge2 {[%clk 1:31:54]}
Bb7 {[%clk 1:22:58]} 6.a3 {[%clk 1:31:29]} Bxc3+ {[%clk 1:15:10]}
7.Nxc3 {[%clk 1:31:52]} O-O {[%clk 1:14:05]} 8.Bd3 {[%clk 1:30:19]}
d6 {[%clk 1:12:45]} 9.Rg1 {[%clk 1:20:05]} e5 {[%clk 1:09:37]}
10.d5 {[%clk 1:15:53]} Nbd7 {[%clk 1:09:18]} 11.g4 {[%clk 1:14:36]}
Nc5 {[%clk 1:08:19]} 12.Bc2 {[%clk 1:14:09]} a5 {[%clk 1:02:46]}
13.g5 {[%clk 1:13:18]} Ne8 {[%clk 1:02:35]} 14.e4 {[%clk 1:06:32]}
Bc8 {[%clk 1:01:20]} 15.Be3 {[%clk 1:06:04]} f5 {[%clk 0:59:51]}
16.exf5 {[%clk 1:02:31]} Bxf5 {[%clk 1:00:14]} 17.Bxf5 {[%clk 1:01:49]}
Rxf5 {[%clk 1:00:40]} 18.Qc2 {[%clk 1:01:09]} Qd7 {[%clk 0:58:04]}
19.O-O-O {[%clk 0:57:55]} Rf3 {[%clk 0:55:36]} 20.h4 {[%clk 0:45:35]}
Qf5 {[%clk 0:54:29]} 21.Qxf5 {[%clk 0:45:31]} Rxf5 {[%clk 0:54:56]}
22.h5 {[%clk 0:45:30]} Rc8 {[%clk 0:45:23]} 23.Kc2 {[%clk 0:41:55]}
c6 {[%clk 0:37:43]} 24.b4 {[%clk 0:34:02]} Na6 {[%clk 0:27:02]}
25.dxc6 {[%clk 0:32:15]} axb4 {[%clk 0:24:56]} 26.Nd5 {[%clk 0:32:20]}
b3+ {[%clk 0:21:43]} 27.Kxb3 {[%clk 0:29:16]} Kf8 {[%clk 0:22:00]}
28.Nb4 {[%clk 0:27:32]} Nc5+ {[%clk 0:19:50]} 29.Kc2 {[%clk 0:26:39]}
Ke7 {[%clk 0:12:41]} 30.a4 {[%clk 0:25:20]} Ke6 {[%clk 0:09:47]}
31.Ra1 {[%clk 0:23:42]} Nc7 {[%clk 0:08:03]} 32.a5 {[%clk 0:20:27]}
bxa5 {[%clk 0:08:22]} 33.Rxa5 {[%clk 0:20:46]} Ra8 {[%clk 0:08:29]}
34.Rxa8 {[%clk 0:20:06]} Nxa8 {[%clk 0:08:56]} 35.Nd5 {[%clk 0:19:17]}
Rf8 {[%clk 0:02:10]} 36.Ra1 {[%clk 0:19:39]} Kf5 {[%clk 0:01:56]}
37.c7 {[%clk 0:17:19]} Ne6 {[%clk 0:01:44]} 38.Rxa8 {[%clk 0:17:30]}
Rxa8 {[%clk 0:02:06]} 39.c8Q {[%clk 0:17:39]} Rxc8 {[%clk 0:02:09]}
40.Ne7+ {[%clk 0:48:04]} Kg4 {[%clk 0:31:35]} 41.Nxc8 {[%clk 0:48:27]}
Kxh5 {[%clk 0:31:28]} 42.Nxd6 {[%clk 0:48:50]} Kg6 {[%clk 0:31:27]}
43.Kd3 {[%clk 0:47:48]} Nd8 {[%clk 0:28:05]} 44.Ke4 {[%clk 0:47:54]} 1-0

[Event "Russian Women's Higher League 2021"]
[Site "?"]
[Date "2021.06.30"]
[Round "5.17"]
[White "Tomilova, Elena"]
[Black "Tochilkina, Ekaterina"]
[Result "0-1"]
[WhiteElo "2353"]
[BlackElo "1877"]
[Annotator ""]
[Source ""]
[Remark ""]

1.Nf3 {[%clk 1:30:57]} Nf6 {[%clk 1:30:51]} 2.c4 {[%clk 1:31:22]}
e6 {[%clk 1:30:14]} 3.Nc3 {[%clk 1:31:34]} b6 {[%clk 1:29:29]}
4.e4 {[%clk 1:31:46]} d6 {[%clk 1:28:14]} 5.d4 {[%clk 1:31:13]}
c5 {[%clk 1:22:10]} 6.d5 {[%clk 1:29:10]} e5 {[%clk 1:18:10]}
7.h3 {[%clk 1:27:06]} Be7 {[%clk 1:16:42]} 8.Be2 {[%clk 1:26:50]}
a6 {[%clk 1:09:42]} 9.a3 {[%clk 1:22:24]} Qc7 {[%clk 1:08:52]}
10.Qc2 {[%clk 1:21:11]} Nbd7 {[%clk 1:06:26]} 11.O-O {[%clk 1:19:04]}
Nf8 {[%clk 1:04:16]} 12.b4 {[%clk 1:07:40]} Ng6 {[%clk 0:59:22]}
13.Re1 {[%clk 1:04:31]} O-O {[%clk 0:56:33]} 14.Rb1 {[%clk 1:02:46]}
Nd7 {[%clk 0:42:59]} 15.Bf1 {[%clk 1:01:02]} Rb8 {[%clk 0:38:52]}
16.Rb2 {[%clk 0:57:28]} Nh4 {[%clk 0:30:21]} 17.Nh2 {[%clk 0:54:54]}
Rb7 {[%clk 0:26:11]} 18.g3 {[%clk 0:53:09]} Ng6 {[%clk 0:25:39]}
19.Ng4 {[%clk 0:46:54]} Bd8 {[%clk 0:20:30]} 20.Ne3 {[%clk 0:39:51]}
Ne7 {[%clk 0:19:13]} 21.h4 {[%clk 0:39:53]} g6 {[%clk 0:15:44]}
22.h5 {[%clk 0:36:48]} Nb8 {[%clk 0:14:22]} 23.g4 {[%clk 0:20:33]}
f5 {[%clk 0:12:46]} 24.gxf5 {[%clk 0:19:08]} gxf5 {[%clk 0:12:56]}
25.Bh3 {[%clk 0:16:54]} f4 {[%clk 0:12:21]} 26.Nf5 {[%clk 0:16:13]}
Nxf5 {[%clk 0:11:27]} 27.exf5 {[%clk 0:16:37]} cxb4 {[%clk 0:09:37]}
28.Rxb4 {[%clk 0:15:42]} Qf7 {[%clk 0:06:46]} 29.h6 {[%clk 0:10:44]}
Qh5 {[%clk 0:05:15]} 30.Qd3 {[%clk 0:09:26]} f3 {[%clk 0:03:14]}
31.Qf1 {[%clk 0:07:56]} Bxf5 {[%clk 0:02:32]} 32.Bxf5 {[%clk 0:08:01]}
Rxf5 {[%clk 0:02:31]} 33.Ne4 {[%clk 0:07:40]} Qg6+ {[%clk 0:01:44]}
34.Ng3 {[%clk 0:08:03]} Bh4 {[%clk 0:01:58]} 35.Kh2 {[%clk 0:06:00]}
Bxg3+ {[%clk 0:02:02]} 36.fxg3 {[%clk 0:06:26]} Rh5+ {[%clk 0:02:16]} 0-1

[Event "Russian Women's Higher League 2021"]
[Site "?"]
[Date "2021.06.30"]
[Round "5.18"]
[White "Dimitrova, Aleksandra"]
[Black "Baisheva, Nyurguiaana"]
[Result "1/2-1/2"]
[WhiteElo "2204"]
[BlackElo "1782"]
[Annotator ""]
[Source ""]
[Remark ""]

1.e4 {[%clk 1:30:58]} c5 {[%clk 1:30:56]} 2.Nf3 {[%clk 1:31:23]}
d6 {[%clk 1:31:23]} 3.d4 {[%clk 1:31:48]} cxd4 {[%clk 1:31:49]}
4.Nxd4 {[%clk 1:32:15]} Nf6 {[%clk 1:32:10]} 5.Nc3 {[%clk 1:32:40]}
a6 {[%clk 1:32:38]} 6.Bd3 {[%clk 1:33:03]} e5 {[%clk 1:32:18]}
7.Nde2 {[%clk 1:33:22]} Be6 {[%clk 1:32:33]} 8.f4 {[%clk 1:33:42]}
exf4 {[%clk 1:31:27]} 9.Nxf4 {[%clk 1:31:16]} Nbd7 {[%clk 1:27:09]}
10.Be3 {[%clk 1:27:38]} Ne5 {[%clk 1:24:01]} 11.h3 {[%clk 1:23:36]}
Be7 {[%clk 1:21:46]} 12.O-O {[%clk 1:17:34]} O-O {[%clk 1:20:43]}
13.Nce2 {[%clk 1:09:08]} Bc4 {[%clk 1:17:33]} 14.b3 {[%clk 1:05:15]}
Bxd3 {[%clk 1:17:02]} 15.cxd3 {[%clk 1:05:38]} d5 {[%clk 1:14:32]}
16.d4 {[%clk 1:01:50]} Ng6 {[%clk 1:12:13]} 17.e5 {[%clk 1:00:24]}
Ne4 {[%clk 1:11:39]} 18.Qd3 {[%clk 0:57:13]} Nxf4 {[%clk 1:09:50]}
19.Nxf4 {[%clk 0:49:57]} Qd7 {[%clk 1:08:31]} 20.Rac1 {[%clk 0:43:32]}
Rac8 {[%clk 1:08:25]} 21.Kh2 {[%clk 0:42:15]} Ba3 {[%clk 1:01:18]}
22.Rxc8 {[%clk 0:34:25]} Rxc8 {[%clk 1:01:35]} 23.Nh5 {[%clk 0:33:28]}
Be7 {[%clk 0:57:34]} 24.Qe2 {[%clk 0:26:42]} f6 {[%clk 0:54:14]}
25.exf6 {[%clk 0:23:26]} Nxf6 {[%clk 0:54:27]} 26.Bf4 {[%clk 0:21:03]}
Nxh5 {[%clk 0:53:17]} 27.Qxh5 {[%clk 0:21:29]} Rf8 {[%clk 0:51:30]}
28.Kg1 {[%clk 0:19:28]} Qe6 {[%clk 0:45:03]} 29.Qe5 {[%clk 0:14:38]}
Qxe5 {[%clk 0:45:27]} 30.Bxe5 {[%clk 0:15:00]} Rxf1+ {[%clk 0:45:47]}
31.Kxf1 {[%clk 0:15:27]} Kf7 {[%clk 0:46:06]} 32.Ke2 {[%clk 0:15:49]}
Bf6 {[%clk 0:39:44]} 33.Bxf6 {[%clk 0:15:54]} Kxf6 {[%clk 0:40:11]}
34.Kf3 {[%clk 0:15:43]} h5 {[%clk 0:37:52]} 35.g3 {[%clk 0:14:52]}
a5 {[%clk 0:36:17]} 36.a4 {[%clk 0:14:31]} Kg5 {[%clk 0:35:57]}
37.Ke3 {[%clk 0:14:39]} Kf5 {[%clk 0:35:05]} 38.Kf3 {[%clk 0:15:02]}
Kg5 {[%clk 0:34:47]} 39.Ke3 {[%clk 0:15:27]} Kf5 {[%clk 0:34:53]}
40.Kf3 {[%clk 0:45:53]} Kg5 {[%clk 1:05:20]} 41.Ke3 {[%clk 0:46:18]} 1/2-1/2

[Event "Russian Women's Higher League 2021"]
[Site "?"]
[Date "2021.06.30"]
[Round "5.19"]
[White "Iljushina, Olga"]
[Black "Mikheeva, Galina"]
[Result "1/2-1/2"]
[WhiteElo "2150"]
[BlackElo "1838"]
[Annotator ""]
[Source ""]
[Remark ""]

1.d4 {[%clk 1:30:59]} Nf6 {[%clk 1:30:55]} 2.c4 {[%clk 1:31:14]}
e6 {[%clk 1:31:21]} 3.Nc3 {[%clk 1:31:40]} d5 {[%clk 1:31:47]}
4.cxd5 {[%clk 1:31:54]} exd5 {[%clk 1:32:14]} 5.Bg5 {[%clk 1:32:01]}
Nbd7 {[%clk 1:32:39]} 6.e3 {[%clk 1:32:22]} Be7 {[%clk 1:33:06]}
7.Bd3 {[%clk 1:32:44]} c6 {[%clk 1:33:33]} 8.Qc2 {[%clk 1:32:36]}
Nf8 {[%clk 1:33:44]} 9.Nf3 {[%clk 1:32:36]} Ne6 {[%clk 1:33:40]}
10.Bh4 {[%clk 1:32:50]} g6 {[%clk 1:34:08]} 11.O-O {[%clk 1:33:05]}
O-O {[%clk 1:34:33]} 12.Rab1 {[%clk 1:32:54]} Ng7 {[%clk 1:34:23]}
13.b4 {[%clk 1:33:05]} a6 {[%clk 1:34:49]} 14.a4 {[%clk 1:33:27]}
Bf5 {[%clk 1:34:19]} 15.b5 {[%clk 1:33:32]} axb5 {[%clk 1:34:25]}
16.axb5 {[%clk 1:33:59]} Bxd3 {[%clk 1:34:19]} 17.Qxd3 {[%clk 1:34:27]}
Nf5 {[%clk 1:33:52]} 18.Bg5 {[%clk 1:33:12]} Ra3 {[%clk 1:26:58]}
19.bxc6 {[%clk 1:28:31]} bxc6 {[%clk 1:23:59]} 20.Qc2 {[%clk 1:21:03]}
Qa8 {[%clk 1:15:43]} 21.Rb3 {[%clk 1:11:18]} Rxb3 {[%clk 1:10:55]}
22.Qxb3 {[%clk 1:11:46]} Rb8 {[%clk 1:09:35]} 23.Qa4 {[%clk 1:10:40]}
Qxa4 {[%clk 1:00:28]} 24.Nxa4 {[%clk 1:10:47]} Rb4 {[%clk 0:52:51]}
25.Ra1 {[%clk 1:05:30]} h6 {[%clk 0:43:40]} 26.Bxf6 {[%clk 1:04:39]}
Bxf6 {[%clk 0:44:06]} 27.Nc5 {[%clk 1:03:58]} Be7 {[%clk 0:39:13]}
28.Nd3 {[%clk 1:02:04]} Rb3 {[%clk 0:38:15]} 29.Nfe5 {[%clk 0:58:01]}
f6 {[%clk 0:35:51]} 30.Nc1 {[%clk 0:50:37]} Ra3 {[%clk 0:36:05]}
31.Rxa3 {[%clk 0:50:56]} Bxa3 {[%clk 0:36:32]} 32.Ned3 {[%clk 0:51:01]}
Bxc1 {[%clk 0:32:54]} 33.Nxc1 {[%clk 0:51:29]} h5 {[%clk 0:32:13]}
34.Nd3 {[%clk 0:50:22]} Kf7 {[%clk 0:32:22]} 35.Nb4 {[%clk 0:50:35]}
Ne7 {[%clk 0:32:45]} 36.f3 {[%clk 0:50:03]} Ke6 {[%clk 0:32:49]}
37.Kf2 {[%clk 0:49:39]} Kf5 {[%clk 0:29:50]} 38.g3 {[%clk 0:41:38]}
g5 {[%clk 0:27:53]} 39.h3 {[%clk 0:35:52]} Ke6 {[%clk 0:22:13]}
40.e4 {[%clk 0:53:50]} dxe4 {[%clk 0:49:00]} 41.fxe4 {[%clk 0:54:12]}
Kd6 {[%clk 0:42:31]} 42.Nd3 {[%clk 0:50:14]} f5 {[%clk 0:37:20]}
43.Ke3 {[%clk 0:48:14]} Ke6 {[%clk 0:34:15]} 44.Nc5+ {[%clk 0:46:06]}
Kd6 {[%clk 0:30:38]} 45.Kd3 {[%clk 0:37:29]} h4 {[%clk 0:22:57]}
46.exf5 {[%clk 0:36:32]} Nxf5 {[%clk 0:21:55]} 47.g4 {[%clk 0:36:38]}
Ng3 {[%clk 0:22:16]} 48.Kc4 {[%clk 0:32:34]} Ke7 {[%clk 0:22:02]}
49.Nd3 {[%clk 0:28:50]} Kd6 {[%clk 0:20:58]} 50.Nf2 {[%clk 0:21:16]}
Kd7 {[%clk 0:19:39]} 51.Kc5 {[%clk 0:19:17]} Kc7 {[%clk 0:19:49]}
52.d5 {[%clk 0:17:22]} cxd5 {[%clk 0:20:12]} 53.Kxd5 {[%clk 0:17:48]}
Kd7 {[%clk 0:20:38]} 54.Ke5 {[%clk 0:17:59]} Ke7 {[%clk 0:21:00]}
55.Nd3 {[%clk 0:14:18]} Kf7 {[%clk 0:21:08]} 56.Nc5 {[%clk 0:13:06]}
Kg6 {[%clk 0:20:45]} 57.Nd3 {[%clk 0:05:30]} Ne2 {[%clk 0:20:16]}
58.Ke4 {[%clk 0:04:57]} Ng3+ {[%clk 0:20:24]} 59.Kf3 {[%clk 0:03:24]}
Kf6 {[%clk 0:20:28]} 60.Nc5 {[%clk 0:03:12]} Ke5 {[%clk 0:20:29]}
61.Nd7+ {[%clk 0:02:31]} Ke6 {[%clk 0:20:43]} 62.Nb6 {[%clk 0:02:29]}
Ke5 {[%clk 0:20:50]} 63.Nc4+ {[%clk 0:02:30]} Kd5 {[%clk 0:20:33]}
64.Nb6+ {[%clk 0:02:01]} 1/2-1/2